000 01304cam a2200313 a 4500
001 16073182
005 20200421093825.0
008 100128s2010 caua b 001 0 eng
010 _a 2010001947
020 _a9781593272203
020 _a1593272200
040 _aDLC
_cDLC
_dDLC
050 0 0 _aQA76.76.O63
_bK496 2010
082 0 0 _a005.4/32
_222
100 1 _aKerrisk, Michael,
_d1961-
_9945
245 1 4 _aThe Linux programming interface :
_ba Linux and UNIX system programming handbook /
_cMichael Kerrisk.
260 _aSan Francisco :
_bNo Starch Press,
_cc2010.
300 _axli, 1506 p. :
_bill. ;
_c25 cm.
504 _aIncludes bibliographical references (p. [1437]-1445) and index.
650 0 _aLinux.
650 0 _aUNIX (Computer file)
650 0 _aOperating systems (Computers)
_9248
856 4 2 _3Contributor biographical information
_uhttp://www.loc.gov/catdir/enhancements/fy1112/2010001947-b.html
856 4 2 _3Publisher description
_uhttp://www.loc.gov/catdir/enhancements/fy1112/2010001947-d.html
856 4 1 _3Table of contents only
_uhttp://www.loc.gov/catdir/enhancements/fy1112/2010001947-t.html
906 _a7
_bcbc
_corignew
_d1
_eecip
_f20
_gy-gencatlg
942 _2ddc
_cBK
999 _c280
_d280